|
|
|
|
| LEADER |
00000cam a2200000 a 4500 |
| 001 |
vtls001439162 |
| 003 |
SK-MaSNL |
| 005 |
20260301072833.0 |
| 008 |
240226s2001 xo fr 000 0 hun |
| 015 |
|
|
|a SNBA2002/12-04009
|
| 020 |
|
|
|a 8080562598
|
| 035 |
|
|
|a SNK000394310
|
| 035 |
|
|
|a urn:nbn:sk:snk-am3j00f
|
| 035 |
|
|
|a 6E97B8EC-20E1-4219-BEE8-8D5C441D43B2
|
| 035 |
|
|
|a urn:nbn:sk:snk-am00gdyj
|
| 040 |
|
|
|a SNK
|b slo
|c SNK
|e AACR2
|
| 041 |
0 |
|
|a hun
|
| 044 |
|
|
|a xo
|c SK
|
| 080 |
|
|
|a 631:911.373=945.11
|2 1981
|
| 080 |
|
|
|a 911.373=945.11
|2 1981
|
| 100 |
1 |
|
|a Bartakovics, István
|4 aut
|9 392940
|
| 245 |
1 |
2 |
|a A határ emberei
|c Bartakovics István
|
| 260 |
|
|
|a Komárno
|b KT
|c 2001
|
| 300 |
|
|
|a 145 s.
|b fotogr.
|c 24 cm
|
| 650 |
0 |
7 |
|a poľnohospodárstvo
|2 SNKPH
|9 679
|
| 651 |
|
7 |
|a Slovensko južné
|2 SNKPHgeo
|9 161138
|
| 655 |
|
7 |
|a príručky
|2 SNKPH
|9 74364
|
| 919 |
|
|
|a 80-8056-259-8
|
| 958 |
|
|
|a TL
|
| 958 |
|
|
|a HU
|
| 958 |
|
|
|a OND
|
| 999 |
|
|
|c 642321
|d 644251
|
| 952 |
|
|
|t P60, <03>, [BOOK], {603}
|a SNK
|b SNK
|y PREZ
|7 0
|p 17A0353683
|o snkSC 108940
|i snkKSP 9998/2002
|0 0
|1 0
|4 0
|d 2002-08-15
|f 1
|l 0
|r 2025-09-30 00:00:00
|w 2026-02-23
|
| 952 |
|
|
|t P60, <04>, [BOOK], {604}
|a SNK
|b SNK
|y VYP
|7 0
|p 17A0353684
|o snkSC 108940 D1
|i snkKSP 9999/2002
|0 0
|1 0
|4 0
|d 2002-08-15
|l 0
|r 2005-01-02 00:00:00
|w 2026-02-23
|